Datum a čas kvízu
22.5
Celkem bodů
Celkový počet nahraných bodů na tomto kvízu bez doplňovacích otázek.
9.
Pořadí na kvízu
Konečné umístění týmu na tomto kvízu.
Zaznamenané odpovědi
| # | Otázka | Odpověď | Body | Výsledky |
|---|---|---|---|---|
| 1. | Která politická strana v kampa... | SOCDEM (uznáváme i starší název ČSSD) | 0 | |
| 2. | V okolí londýnské stanice metr... | Burberry | 1 | |
| 3. | Českých sci-fi filmů nebývá ka... | Bod obnovy | 0 | |
| 4. | V pondělí byla slavnostně zahá... | v Brně | 1 | |
| 5. | V neděli v Berlíně překonala 2... | Etiopii | 0 | |
| 6. | Pes jménem Argos je známý z an... | Odysseovi | 1 | |
| 7. | Salvador Dalí coby extravagant... | o mravenečníka | 1 | |
| 8. | Dokážete přiřadit následující... | 1D 2A 3C 4B | 1 | |
| 9. | Jak se jmenuje kočka na obrázk... | Micka | 1 | |
| 10. | Sedmý prezident Spojených stát... | A | 1 |